| 000 | 00777nam a22001817a 4500 | ||
|---|---|---|---|
| 005 | 20150423105654.0 | ||
| 010 | _aENG-112278 | ||
| 020 |
_a9788192297262 _c395.00 |
||
| 035 | _aEN-95810 | ||
| 037 | _bDBAD/PUB | ||
| 100 | _aBrahmbhatt, Tushar | ||
| 245 |
_aIndo-Anglian fiction & contribution of the major Indian novelists : _baccording to the newly implemented syllabi in course from June-2011 of CBCS Hemachandracharya north Gujarat university, Patna & UGC NET-SLET syllabus / _cby Tushar Brahmbhatt |
||
| 260 |
_aAhmedabad _bReliable Publishing House _c2013 |
||
| 270 |
_aA-302, Tridev Appartment, Ghathlodia, _bAhmedabad _e3800061 |
||
| 300 |
_ax, 139p. _c22cm(Hb) |
||
| 500 | _aIncludes bibliographical references | ||
| 942 |
_2ddc _cEN _mBRA _h891.4 |
||
| 999 |
_c92027 _d92027 |
||